Клинична токсикология (Запис номер 6153)
[ съкратено ]
| 000 -Лидер | |
|---|---|
| Контролно поле с фиксирана дължина | 01817nam a2200337 c 4500 |
| 003 - Код на организацията, давaща контролен номер | |
| Контролно поле | BLK |
| 005 - Дата и час на последна редакция | |
| Контролно поле | 20230803110419.0 |
| 008 - Елементи от данни с фиксирана дължина | |
| fixed length control field | 180412b bul|||||r ||||||| ||bul|| |
| 010 ## - Наследен системен номер | |
| LC control number | KNG00007377000 |
| 020 ## - Международен стандартен номер на книга ISBN | |
| Международен стандартен номер на книга ISBN | 954-8033-20-8 |
| -- | издат.: Венел |
| 040 ## - Източник на каталожния запис | |
| Идентификатор на билиотеката - собственик на записа | BLK |
| 041 ## - Код за език | |
| Код за езика на текст/звукозапис или на отделно заглавие | Български |
| Код за езика КДБФ | Български |
| 080 ## - УДК | |
| Текстов определител УДК | Токсикология. Отравяния. Учение за отровите. Общи въпроси. Отрови - органични, неорганични, растителни, животински. Вж и 615. 009. Противоотрови вж 615. 27 |
| УДК код - определител по УДК | 615.9 |
| УДК определител | |
| УДК - код + определител | 615.9 |
| 100 ## - Редна дума - Автор | |
| Автор | Монов, Александър Петров |
| Дати, свързани с автора | 1921-2013 |
| R(LIN) | 251090 |
| 139 ## - Редно поле | |
| Редна дума | Монов, Александър Петров |
| Авторски знак | Мони - М 87 |
| 245 10 - Сведения за заглавието | |
| Заглавие | Клинична токсикология |
| Подзаглавни данни | Ч. 1 - |
| Редно поле (дума) | Александър Петров Монов. |
| Том | Ч. 1 |
| Заглавие на том | Етиология, патогенеза, клетъчно-органна патология, диагноза и лечение на отравянията ; Критични съст |
| 257 ## - Страна на издаване | |
| Страна на създаване/издаване | България |
| 260 ## - Област на издателските данни | |
| -- | София |
| Име на издателя, разпространителя и проч. | Венел |
| Година на издаване | 1995 |
| 300 ## - Физическа характеристика | |
| Размери/Мащаб | 25 см |
| 380 ## - Жанр | |
| Жанр | Медицина |
| 500 ## - Общи забележки | |
| Забележка | Офс. изд. |
| 650 #4 - Допълнително описание по предмет – тема | |
| Основно описание – тема или топоним | Клинична токсикология |
| 9 (RLIN) | 251091 |
| 653 ## - Ключова дума – ненормативна | |
| Ключова дума | токсикология |
| 760 1# - Описание на основната серия | |
| Редна дума на основното описание | Монов, Александър Петров |
| Място на издаване, издател и година | 1995 |
| Страници - том | 312 с. : със сх., табл., диагр. |
| Заглавие | Ч. 1 Етиология, патогенеза, клетъчно-органна патология, диагноза и лечение на отравянията ; Критични съст |
| 852 ## - Местоположение | |
| Форматна сигнатура | Цб 182804 |
| 856 4# - Електронен адрес и достъп | |
| Електронен формат | pdf - файл |
| Път до файла /url/ | |
| 856 4# - Електронен адрес и достъп | |
| Електронен формат | pdf - файл |
| Път до файла /url/ | |
| 942 ## - АРТИКУЛИ | |
| Вид на библиотечния материал | Книги |
| Скрит в OPAC | Не |
| 944 ## - СЪЗДАВАНЕ И РЕДАКЦИЯ на ЗАПИСА | |
| Създаване/Редакция | Създаване |
| Дата на регистрацията/редакция | 15.01.2003 |
| Служител, извършил регистрацията/редакцията | 30556 |
| Статус, дата на статуса | Теодора Пейчева-Дянкова |
| 944 ## - СЪЗДАВАНЕ И РЕДАКЦИЯ на ЗАПИСА | |
| Създаване/Редакция | Редакция |
| Дата на регистрацията/редакция | 01.06.2005 |
| Служител, извършил регистрацията/редакцията | |
| 999 ## - СИСТЕМНИ КОНТРОЛНИ НОМЕРА | |
| Koha biblionumber | 6153 |
| Koha biblioitemnumber | 6153 |
| Код за отписване | Код за изгубен артикул | Източник на класификационната схема | Код за повреда | Коз за рестрикции | Код за отдаване | Артикулен № | Име на библиотеката - собственик | Име на библиотеката, в която се намира в момента | Статус (Текущо местоположение) | Дата на вписване в системата | Местоположение - отдел | Цена в лева | Инвентарен номер | Систематично азбучна сигнатура | Баркод | Номер на екземпляра | Цена в евро | Служебна бележка | Служебен тип на артикула |
|---|---|---|---|---|---|---|---|---|---|---|---|---|---|---|---|---|---|---|---|
| Не е изгубен | Universal Decimal Classification | Не е повреден | без рестрикции | ползва се в читалня | 10777 | Регионална библиотека "Любен Каравелов" Русе | Регионална библиотека "Любен Каравелов" Русе | Хранилище | 2001-01-01 | Хранилище | 0.00 | 612869 | Цб 182804 | 120000612869 | 1 | 0.00 | Дост: Dp Вид: Д N: стар фонд Дата: 01.01.1995 Дата инв: 22.10.2014 Бележки инв: Цб2014 | Книги | |
| Не е изгубен | Universal Decimal Classification | Не е повреден | без рестрикции | ползва се в читалня | 10778 | Регионална библиотека "Любен Каравелов" Русе | Регионална библиотека "Любен Каравелов" Русе | Читалня | 1995-01-01 | Читалня | 5.09 | 612695 | Ч 615/М 87 | 120000612695 | 2 | 2.60 | Дост: Pk Вид: Ф N: стар фонд Дата: 01.01.1995 Дата инв: 20.03.2017 Бележки инв: Ч2017 | Книги |